000 00267nam a22001337a 4500
008 170918b xxu||||| |||| 00| 0 eng d
020 _a0913232467
041 _aeng
080 _a7
100 _a44
101 _aART
245 _aDRAW!
_cHANKS,K
942 _2udc
_cBK
999 _c27915
_d27915